Facultad de Odontología.  Biblioteca.  Nodo central                      



header.jpg
Vista normal Vista MARC
  • Pérez Vásquez, Vivian Alicia

Entrada Nombre personal

Número de registros utilizados en: 1

001 - NÚMERO DE CONTROL

  • campo de control: 11178

003 - IDENTIFICADOR DE NÚMERO DE CONTROL

  • campo de control: gtgcusco

005 - FECHA Y HORA DE LA ÚLTIMA TRANSACCIÓN

  • campo de control: 20250220120824.0

008 - ELEMENTOS DE DATO DE LONGITUD-FIJA

  • campo de control de longitud fija: 250220|| aca||aabn | a|a d

040 ## - FUENTE DE CATALOGACIÓN

  • Centro catalogador/agencia de origen: gtgcusco
  • Centro/agencia transcriptor: gtgcusco

100 ## - ENCABEZAMIENTO-NOMBRE DE PERSONA

  • Nombre de persona: Pérez Vásquez, Vivian Alicia

670 ## - FUENTE DE DATOS ENCONTRADOS

  • Cita de la fuente: Work cat.: (gtgcusco)4391: Pérez Vásquez, Vivian Alicia, Frecuencia de seropositividad de VIH (virus de inmunodeficiencia humana) en una muestra de pacientes, estudiantes de 4to., 5to. Y PRC y odontólogos docentes de la Facultad de Odontología de la USAC en el año 2004., 2005